000 00600nam a2200181Ia 4500
008 131103s9999 xx 000 0 und d
040 _aLoreto College
041 _aEnglish
082 _a821.5/POP
_b- ROS/821.53/POP LCLIB/
245 4 _aThe poetical works of Alexander Pope
_cedited with a critical memoir William Michael Rossetti;illustrated by Thomas Seccombe
260 _aLondon
_bWard
_c[19 -?]
300 _axxxix,600 p.
_c 18 cm.
650 _aEnglish Poetry
651 _aPope,Alexander - Poetry - Collection
700 _aRossetti,William Michael,ed.
850 _aLCLIB
942 _cBK
999 _c5797
_d56276